000 00287pam a2200145 a 4500
020 _c
041 _aeng
082 _bKAR
100 _a KARNAD GIRISH.
245 _aTUGHLAQ
_hTextual Documents
250 _a2003.
260 _a[s.l]:
_bOxford Uni
300 _a86p.
930 _a2231
999 _c79155
_d79155